Vista normal Vista MARC

Entrada Geographic Name

Número de registros utilizados en: 2

001 - CONTROL NUMBER

  • control field: 1376

003 - CONTROL NUMBER IDENTIFIER

  • control field: OSt

005 - DATE AND TIME OF LATEST TRANSACTION

  • control field: 20230418160233.0

008 - FIXED-LENGTH DATA ELEMENTS

  • fixed length control field: 230418|| aca||aabn | a|a d

040 ## - CATALOGING SOURCE

  • Original cataloging agency: OSt
  • Transcribing agency: OSt

151 ## - HEADING--GEOGRAPHIC NAME

  • Geographic name: Venezuela
  • General subdivision: Descubrimientos y exploraciones

670 ## - SOURCE DATA FOUND

  • Source citation: Work cat.: (OSt)0: Caballero, Beatriz 1948- autora 1371, Las siete vidas de Agustín Codazzi









Instituto Departamental de Cultura del Meta - Red Departamental de Bibliotecas Públicas del Meta.